| 000 | 01298nam a2200361 a 4500 | ||
|---|---|---|---|
| 001 | vtls001274625 | ||
| 003 | NLI | ||
| 005 | 20210627041307.0 | ||
| 008 | 120416s1973 nyu e 000 0 eng | ||
| 020 | _a0853452733 (pbk.) | ||
| 039 | 9 |
_a201808061733 _bPravinbp _c201803261634 _dbishnupadad _y201204161741 _zVLOAD |
|
| 040 |
_aNLI _beng _eAACR2 |
||
| 041 | 0 | _aeng | |
| 044 | _anyu | ||
| 082 | 0 | 4 | _a320.95405 |
| 245 | 0 | 0 |
_aImperialism and revolution in South Asia / _cedited by Kathleen Gough and Hari P. Sharma |
| 260 |
_aNew York : _bMonthly Review Press, _c1973 |
||
| 300 |
_aviii, 470 p. ; _c22 cm. |
||
| 651 | 0 |
_aSouth Asia _xPolitics and government _9685957 |
|
| 651 | 0 |
_aSouth Asia _xEconomic conditions _9685958 |
|
| 700 | 1 |
_aSharma, Hari P., _4edt. _9685959 |
|
| 700 | 1 |
_aGough, Kathleen, _d1925-, _4edt. _9685960 |
|
| 887 | _aBishnu Pravinbp1 | ||
| 901 |
_a408752 _b24.01.1974 |
||
| 901 |
_aG36945 (cop.2) : _b24.11.1998 |
||
| 902 | _aE 320.95405 Im 7 | ||
| 904 | _aBishnu | ||
| 905 | _aPravinbp1 | ||
| 949 |
_AVIRTUAITEM _D10000 _X100 _6PUR000408752ENG _e408752 |
||
| 942 |
_2ddc _cBKS |
||
| 949 |
_AVIRTUAITEM _D10000 _F2 _X100 _6GIF000036945ENG _eG36945 |
||
| 999 |
_aVIRTUA40 _c562829 _d562829 |
||
| 999 | _aVTLSSORT0080*0200*0400*0410*0440*0820*2450*2600*3000*6510*6511*7000*7001*9010*9011*9020*9040*9050*9992 | ||